Animaux commençant par la lettre A - Statistiques

Statistiques générales
  • Ce quiz a été pris 1 720 fois
  • Le résultat moyen est 7 sur 23
Statistiques - réponses
Animaux % Correct
Araignée
75%
Abeille
68%
Ane
64%
Antilope
63%
Anaconda
59%
Aigle
57%
Alligator
57%
Autruche
55%
Albatros
36%
Agneau
34%
Anguille
34%
Alouette
31%
Alpaga
28%
Anemone
19%
Acarien
16%
Anchois
16%
Ablette
8%
Axolotl
8%
Aye-Aye
7%
Agouti
6%
Actinie
1%
Agame
1%
Argali
1%
Aucun quiz correspondant
Distribution des résultats
% des personnes avec chaque résultat
Percentile par nombre de réponses
Votre historique - résultats
Vous n’avez pas pris ce quiz